000 00543nam a2200193Ia 4500
008 151119s9999||||xx |||||||||||||| ||und||
082 _a780
082 _bGKKV6485
100 _aदेशपांडे वा ह
245 _aघरंदाज गायकी
260 _a--
260 _b--
260 _c0
600 _aदेशपांडे वा ह
630 _aघरंदाज गायकी
700 _aदेशपांडे वा ह
730 _aघरंदाज गायकी
942 _cBOOK
999 _c1061328
_d1061325